Bohater Wydawnictwo (MARVEL, DC) - Statystyki

Ogólne statystyki
  • Ten quiz został rozwiązany 832 razy
    798 od ostatniego zresetowania
  • Średni wynik to 35 z 38
Statystyki odpowiedzi
Bohater Wydawnictwo % Poprawnych
Wade Wilson Marvel
99%
Spider-Man Marvel
99%
Ghost Rider Marvel
99%
John Constantine DC
98%
Zatanna DC
98%
Slade Wilson DC
98%
Ra's Al Ghul DC
98%
Bruce Banner Marvel
98%
Daredevil Marvel
98%
Oliver Queen DC
97%
Felicia Hardy (Black Cat) Marvel
97%
Scarlet Witch Marvel
97%
Harvey Dent DC
96%
Kobieta Kot DC
96%
Mystique Marvel
96%
Mandaryn Marvel
96%
Edward Nigma DC
95%
Strach na Wróble DC
95%
Harley Quinn DC
95%
Szalony Kapelusznik DC
94%
Green Goblin Marvel
94%
Hugo Strange DC
93%
Johann Schmidt Marvel
93%
Doctor Strange Marvel
93%
Solomon Grundy DC
92%
Barry Allen DC
92%
M.O.D.O.K Marvel
92%
Thanos Marvel
92%
Bane DC
90%
Venom Marvel
90%
Batman DC
89%
Superman DC
88%
Galactus Marvel
86%
Doctor Fate DC
84%
Steve Rogers Marvel
83%
Red Tornado DC
81%
Black Canary DC
81%
Black Cat Marvel
76%
Nie znaleziono quizów pasujących do podanych kryteriów
Rozkład punktacji
Procent ludzi z każdym wynikiem
Percentyl według liczby udzielonych odpowiedzi
Twoja historia wyników
Nie rozwiązałeś tego quizu od ostatniego zresetowania